000
00328nam a2200145Ia 4500
008
191201s2006 xx 000 0 und d
082
_a
658.15
_b
KEM
100
_a
KEAT, P
245
0
_a
Managerial Economics
250
_a
1st
260
_a
N.Delhi
_b
Pearson Education
_c
2006
300
_a
592
650
_a
MBA
942
_2
ddc
_c
BK
999
_c
2668
_d
2668